| 000 | 00434nam a2200157 i 4500 | ||
|---|---|---|---|
| 001 | 22734 | ||
| 003 | ES-MaACL | ||
| 005 | 20230906152741.0 | ||
| 007 | t| | ||
| 008 | 021204s1936 sp ||||1| spa d | ||
| 100 | 1 |
_aAlonso Requejo, Casto. _920389 |
|
| 245 | 1 | 0 |
_aError _b: escenas de la vida y de unas vidas / _cCasto Alonso Requejo. |
| 260 |
_aMadrid : _bCastro, _c1936. |
||
| 300 |
_a258 p. ; _c19 cm. |
||
| 852 |
_aES-MaACL _jA-4065 |
||
| 999 |
_c22734 _d22734 |
||